| 000 | 00638cam a22002052 4500 | ||
|---|---|---|---|
| 001 | 0000000830 | ||
| 005 | 20151217145722.0 | ||
| 008 | 070220s xx 000 0 eng d | ||
| 020 | _cKES 890 | ||
| 040 |
_aKABU _cKABU |
||
| 050 | 0 |
_aBS1485.3 _b.C37 1983 |
|
| 100 | 1 |
_aCarr, G. Lloyd. _@0000159847 |
|
| 245 | 1 | 4 |
_aThe Song of Solomon : _ban introduction and commentary / _cG. Lloyd Carr. |
| 260 |
_aLeicester : _bInter Varsity Press, _c1983. |
||
| 300 | _a175 p. | ||
| 630 | 0 | 0 |
_aBible. _pO.T. _pSong of Solomon. _xCommentaries. _@0000159848 |
| 908 | _a070220 | ||
| 950 | _@1 | ||
| 999 |
_c1854 _d1854 |
||